[Event "115th YMCA Masters"]
[Site "Warszawa"]
[Date "2013.02.19"]
[Round "8"]
[White "Rudnicki, Milosz"]
[Black "Bartel, Michal"]
[Result "1/2-1/2"]
[WhiteElo "2229"]
[BlackElo "2273"]
[Annotator "Admin"]
[PlyCount "82"]
[EventDate "2013.01.11"]
[EventType "tourn"]
[EventRounds "1"]
[EventCountry "POL"]
[EventCategory "3"]
[SourceDate "2013.01.15"]

1. e4 e5 2. Nf3 Nc6 3. Bb5 a6 4. Ba4 Nf6 5. O-O Be7 6. Re1 b5 7. Bb3 d6 8. c3
O-O 9. d4 Bg4 10. Be3 Bh5 11. d5 Na5 12. Bc2 c6 13. dxc6 Qc7 14. Nbd2 Qxc6 15.
h3 Rac8 16. Rc1 Rfe8 17. Bg5 $11 h6 18. Bxf6 Bxf6 19. b4 Bxf3 20. gxf3 Qxc3 21.
bxa5 Bg5 22. Re2 Rc7 23. Nf1 Bxc1 24. Qxc1 Qxf3 25. Qe3 Qf6 26. Bb3 Rec8 27.
Rd2 Rc3 28. Rd3 Rc1 29. Qg3 Re1 30. Re3 Rcc1 31. Rxe1 Rxe1 32. Bd5 g6 33. Kg2
Kg7 34. Ne3 h5 35. h4 Qd8 36. Nf5+ Kh7 37. Ne3 Kg7 38. Nf5+ Kh7 39. Ne3 Kg7 40.
Nc2 Rc1 41. Ne3 Re1 1/2-1/2

[Event "115th YMCA Masters"]
[Site "Warszawa"]
[Date "2013.03.01"]
[Round "8"]
[White "Nguyen, Piotr"]
[Black "Skawinski, Arkadiusz"]
[Result "0-1"]
[WhiteElo "2378"]
[BlackElo "2239"]
[Annotator "Admin"]
[PlyCount "114"]
[EventDate "2013.01.11"]
[EventType "tourn"]
[EventRounds "1"]
[EventCountry "POL"]
[EventCategory "3"]
[SourceDate "2013.01.15"]

1. Nf3 d5 2. c4 c6 3. d4 Nf6 4. Nc3 e6 5. Bg5 dxc4 6. a4 Bb4 7. e4 Qa5 8. Bd2
c5 9. Bxc4 cxd4 10. Nxd4 a6 11. Nc2 O-O 12. Qe2 Nc6 13. O-O Rd8 14. Nxb4 Qxb4
15. Nd5 Qxb2 16. Rab1 Qd4 17. Nb6 Rb8 18. Bf4 e5 19. Bg5 Bg4 20. Qa2 Qxe4 21.
Bxf7+ Kh8 22. Nc4 Be2 23. Rfe1 Nd4 24. Ne3 Bf3 25. Rb6 Ng4 26. Bxd8 Rxd8 27.
Bh5 Ne2+ 28. Rxe2 Nxe3 29. fxe3 Rd1+ 30. Kf2 Qh4+ 31. g3 Qxh5 32. Qc2 Qxh2+ 33.
Kxf3 Qh5+ 34. Ke4 Qg4+ 35. Kxe5 Qg5+ 36. Qf5 Rd5+ 37. Kxd5 Qxf5+ 38. Kc4 Qe4+
39. Kc3 Qxa4 40. Reb2 Qe4 41. Kd2 Qg2+ 42. Kd3 Qxg3 43. Rxb7 h5 44. R7b6 Qe5
45. R2b4 Qd5+ 46. Rd4 Qf3 47. Rf4 Qd1+ 48. Ke4 Kh7 49. Rf5 Qg4+ 50. Rf4 Qd7 51.
Kf3 Qd5+ 52. Kf2 a5 53. Rb2 Kh6 54. Ra4 Qg5 55. Rb6+ g6 56. Rb8 Qe5 57. Rb2
Qxb2+ $138 0-1

[Event "115th YMCA Masters"]
[Site "Warszawa"]
[Date "2013.03.19"]
[Round "9"]
[White "Warszawski, Bartosz"]
[Black "Przezdziecka, Marta"]
[Result "1/2-1/2"]
[WhiteElo "2261"]
[BlackElo "2298"]
[PlyCount "67"]
[EventDate "2013.01.11"]
[EventType "tourn"]
[EventRounds "1"]
[EventCountry "POL"]
[EventCategory "3"]
[SourceDate "2013.01.15"]

1. e4 g6 2. d4 Bg7 3. Nc3 c6 4. f4 d5 5. e5 Qb6 6. a4 a5 7. Nf3 Nh6 8. Be2 Bg4
9. Ng5 Bc8 10. Nf3 f6 11. O-O Bg4 12. Nh4 Bxe2 13. Nxe2 O-O 14. Kh1 fxe5 15.
fxe5 Rxf1+ 16. Qxf1 Na6 17. h3 Rf8 18. Qd1 c5 19. Be3 Qxb2 20. Rb1 Qa3 21. c3
cxd4 22. Bxd4 e6 23. Rxb7 Nc5 24. Bxc5 Qxc5 25. Nd4 Qc8 26. Re7 Re8 27. Rxe8+
Qxe8 28. Nhf3 Nf7 29. Qe2 Qc8 30. Qb5 Nxe5 31. Ng5 Nf7 32. Ngxe6 Bxd4 33. Nxd4
Qxc3 34. Nc6 1/2-1/2

[Event "115th YMCA Masters"]
[Site "Warszawa"]
[Date "2013.03.14"]
[Round "9"]
[White "Skawinski, Arkadiusz"]
[Black "Leniart, Arkadiusz"]
[Result "0-1"]
[WhiteElo "2239"]
[BlackElo "2470"]
[Annotator "Admin"]
[PlyCount "74"]
[EventDate "2013.01.11"]
[EventType "tourn"]
[EventRounds "1"]
[EventCountry "POL"]
[EventCategory "3"]
[SourceDate "2013.01.15"]

1. e4 c5 2. c3 d5 3. exd5 Qxd5 4. d4 Nc6 5. Nf3 Bg4 6. Be2 cxd4 7. cxd4 e6 8.
Nc3 Qd7 9. d5 exd5 10. Qxd5 Qxd5 11. Nxd5 O-O-O 12. Nc3 Nf6 13. O-O Bb4 14. h3
Bh5 15. Bg5 Bxc3 16. bxc3 Rde8 17. Bd3 Ne4 18. Bf4 Bg6 19. Rac1 Nd2 20. Bxd2
$11 Bxd3 21. Rfe1 Bc4 22. a3 Bd5 23. Nd4 Rxe1+ 24. Rxe1 Nxd4 25. cxd4 Kd7 26.
Re5 Kc6 27. Re7 Rc8 28. Bf4 Kb5 29. Rc7 Rxc7 30. Bxc7 Ka4 31. Bd6 b5 32. Kf1 a5
33. g3 Kb3 34. Ke2 b4 35. axb4 a4 36. b5 a3 37. Bxa3 Kxa3 0-1

[Event "115th YMCA Masters"]
[Site "Warszawa"]
[Date "2013.02.15"]
[Round "9"]
[White "Bartel, Michal"]
[Black "Nguyen, Piotr"]
[Result "0-1"]
[WhiteElo "2273"]
[BlackElo "2378"]
[Annotator "Admin"]
[PlyCount "56"]
[EventDate "2013.01.11"]
[EventType "tourn"]
[EventRounds "1"]
[EventCountry "POL"]
[EventCategory "3"]
[SourceDate "2013.01.15"]

1. e4 e6 2. d4 d5 3. Nc3 Bb4 4. e5 c5 5. Bd2 Ne7 6. Nb5 Bxd2+ 7. Qxd2 O-O 8. c3
Bd7 9. Nd6 cxd4 10. cxd4 $11 Qb6 11. f4 Nbc6 12. Nf3 Nc8 13. Nxc8 Raxc8 14. Bd3
g6 15. Bb1 Na5 16. b3 Bb5 17. h4 Qa6 18. f5 Nxb3 19. Qh6 Bf1 20. Rxf1 Rc1+ 21.
Kf2 Qxf1+ 22. Kg3 exf5 23. axb3 f4+ 24. Qxf4 Rxb1 25. Qh6 Rxa1 26. Ng5 Re8 27.
Nxh7 Ra6 28. Ng5 Rc6 0-1

[Event "115th YMCA Masters"]
[Site "Warszawa"]
[Date "2013.03.08"]
[Round "9"]
[White "Adamski, Andrzej"]
[Black "Rudnicki, Milosz"]
[Result "1/2-1/2"]
[WhiteElo "2256"]
[BlackElo "2229"]
[PlyCount "57"]
[EventDate "2013.01.11"]
[EventType "tourn"]
[EventRounds "1"]
[EventCountry "POL"]
[EventCategory "3"]
[SourceDate "2013.01.15"]

1. e4 c5 2. c3 d5 3. exd5 Qxd5 4. d4 Nc6 5. Nf3 Bg4 6. Be2 e6 7. h3 Bh5 8. c4
Qd7 9. g4 Bg6 10. d5 exd5 11. cxd5 Nb4 12. Nc3 O-O-O 13. O-O f6 14. a3 Nxd5 15.
Nxd5 Qxd5 16. Qxd5 Rxd5 17. Bf4 Bd3 18. Rfe1 Ne7 19. Rac1 Nc6 20. Bxd3 Rxd3 21.
Re3 Rxe3 22. Bxe3 Kc7 23. Bxc5 Bxc5 24. Rxc5 Rd8 25. Rc2 Rd3 26. Kg2 Kd6 27.
Ne1 Rd1 28. Nf3 Rd3 29. Ne1 1/2-1/2

[Event "115th YMCA Masters"]
[Site "Warszawa"]
[Date "2013.03.14"]
[Round "9"]
[White "Cajbel, Maciej"]
[Black "Rudolf, Michal"]
[Result "0-1"]
[WhiteElo "2242"]
[BlackElo "2369"]
[PlyCount "134"]
[EventDate "2013.01.11"]
[EventType "tourn"]
[EventRounds "1"]
[EventCountry "POL"]
[EventCategory "3"]
[SourceDate "2013.01.15"]

1. c4 Nf6 2. g3 g6 3. Bg2 Bg7 4. Nf3 O-O 5. O-O d6 6. d3 e5 7. Bg5 h6 8. Bxf6
Qxf6 9. Nc3 c6 10. Rb1 Be6 11. Nd2 Qd8 12. Qc2 Nd7 13. b4 a6 14. a4 Qc7 15. b5
axb5 16. axb5 Ra3 17. Rb3 Rxb3 18. Nxb3 d5 19. cxd5 cxd5 20. Rc1 Rc8 21. Qb1
Qd6 22. e4 Qb4 23. exd5 Bf5 24. Nd2 Qxb1 25. Ndxb1 Bxd3 26. Re1 f5 27. Bf1 e4
28. Bxd3 exd3 29. Na2 Rc5 30. Rd1 Rxd5 31. Nb4 Rd4 32. Na2 Nc5 33. Nac3 Rb4 34.
Nd5 Rxb5 35. Na3 Rb2 36. Nc4 Ra2 37. Nce3 Kf7 38. Nf4 Ra1 39. Rxa1 Bxa1 40. Kf1
Be5 41. Nfd5 Ke6 42. Ke1 Ne4 43. f3 Nc5 44. Kd2 g5 45. f4 Bd4 46. Nc7+ Kd7 47.
Nxf5 Bg1 48. Nb5 gxf4 49. gxf4 Bxh2 50. Ke3 h5 51. Nc3 Bg1+ 52. Kf3 Ne6 53. Ke4
d2 54. Kd3 Nxf4+ 55. Kxd2 Ke6 56. Nh4 Bd4 57. Ne4 Kd5 58. Ng5 Bf6 59. Nhf3 Bxg5
60. Nxg5 Kd4 61. Nf3+ Ke4 62. Nh4 Nd5 63. Ke2 b5 64. Nf3 Nf4+ 65. Kf2 b4 66.
Kg3 Ng6 67. Kf2 Kd3 0-1

[Event "115th YMCA Masters"]
[Site "Warszawa"]
[Date "2013.03.06"]
[Round "9"]
[White "Kosiorek, Marek"]
[Black "Janczarski, Michal"]
[Result "1-0"]
[WhiteElo "2366"]
[BlackElo "2335"]
[Annotator "Admin"]
[PlyCount "95"]
[EventDate "2013.01.11"]
[EventType "tourn"]
[EventRounds "1"]
[EventCountry "POL"]
[EventCategory "3"]
[SourceDate "2013.01.15"]

1. d4 Nf6 2. c4 g6 3. Nc3 d5 4. Nf3 Bg7 5. Bg5 Ne4 6. cxd5 Nxg5 7. Nxg5 e6 8.
Nf3 exd5 9. e3 O-O 10. Be2 c6 11. O-O Qe7 12. Rc1 Be6 13. Qb3 b5 14. a4 b4 15.
Nb1 a5 16. Rc2 f5 17. Nbd2 f4 18. exf4 Rxf4 19. Qe3 Qd6 20. g3 Rf8 21. Nb3 Bf5
22. Bd3 Bxd3 $11 23. Qxd3 Nd7 24. Rfc1 Rfc8 25. Kg2 Bh6 26. Re1 c5 27. dxc5
Nxc5 28. Nxc5 Rxc5 29. Re6 Qxe6 30. Rxc5 d4 31. Nxd4 Rd8 32. Qb3 Qxb3 33. Nxb3
Bg7 34. Nxa5 Bxb2 35. Nc6 Ra8 36. a5 Bc3 37. Rb5 Kf7 38. Rb6 Ke8 39. a6 Kd7 40.
Nxb4 Bxb4 41. Rxb4 Rxa6 42. Rb7+ Ke6 43. Rxh7 Kf6 44. h4 Ra5 45. g4 Ra4 46. Kg3
Ra3+ 47. f3 Ra5 48. g5+ 1-0

[Event "115th YMCA Masters"]
[Site "Warszawa"]
[Date "2013.03.13"]
[Round "10"]
[White "Przezdziecka, Marta"]
[Black "Janczarski, Michal"]
[Result "1/2-1/2"]
[WhiteElo "2298"]
[BlackElo "2335"]
[Annotator "Admin"]
[PlyCount "40"]
[EventDate "2013.01.11"]
[EventType "tourn"]
[EventRounds "1"]
[EventCountry "POL"]
[EventCategory "3"]
[SourceDate "2013.01.15"]

1. d4 Nf6 2. c4 e6 3. Nf3 Bb4+ 4. Nbd2 b6 5. a3 Bxd2+ 6. Qxd2 Bb7 7. e3 Ne4 8.
Qc2 O-O 9. b4 f5 10. Bb2 d6 11. Be2 Nd7 12. O-O Qe7 13. Rad1 Rf6 14. d5 Rg6 15.
Bd3 Ndf6 16. Bxf6 Nxf6 $11 17. Nd4 Ng4 18. Nxe6 Nxh2 19. Kxh2 Qh4+ 20. Kg1
Rxg2+ 1/2-1/2

[Event "115th YMCA Masters"]
[Site "Warszawa"]
[Date "2013.03.15"]
[Round "10"]
[White "Rudolf, Michal"]
[Black "Kosiorek, Marek"]
[Result "0-1"]
[WhiteElo "2369"]
[BlackElo "2366"]
[PlyCount "154"]
[EventDate "2013.01.11"]
[EventType "tourn"]
[EventRounds "1"]
[EventCountry "POL"]
[EventCategory "3"]
[SourceDate "2013.01.15"]

1. d4 Nf6 2. c4 g6 3. Nc3 Bg7 4. e4 d6 5. Nf3 O-O 6. Be2 Nbd7 7. O-O e5 8. Re1
Re8 9. d5 Rf8 10. Rb1 a5 11. b3 Nh5 12. a3 Bf6 13. b4 Be7 14. Bh6 Ng7 15. Qd2
Nf6 16. Bg5 Ng4 17. Bxe7 Qxe7 18. h3 Nf6 19. Rec1 Nfh5 20. c5 axb4 21. axb4 Nf4
22. Nb5 Ne8 23. cxd6 cxd6 24. Qe3 f5 25. Bf1 fxe4 26. Nd2 Nxd5 27. Bc4 Be6 28.
Qb3 Nf4 29. Bxe6+ Qxe6 30. Qxe6+ Nxe6 31. Nxe4 Rd8 32. Re1 Rf7 33. Rbd1 Rfd7
34. Nbxd6 Kh8 35. Nc5 Rxd6 36. Rxd6 Rxd6 37. Rxe5 N8c7 38. Nxb7 Rb6 39. Nc5
Nxc5 40. bxc5 Rc6 41. h4 Ne6 42. g3 Kg7 43. Kg2 Kf6 44. Re2 Rxc5 45. Ra2 Rc6
46. Ra7 h5 47. Ra2 Nd4 48. Rd2 Nf5 49. Ra2 Nd6 50. Re2 Kf5 51. Ra2 Ne4 52. Rb2
Rc5 53. Ra2 Rd5 54. Ra8 Rd2 55. Rf8+ Nf6 56. Ra8 Ng4 57. Rf8+ Ke6 58. Rf4 Re2
59. Kf1 Re5 60. Ra4 Rf5 61. Ra6+ Kf7 62. Ra7+ Kg8 63. Ra8+ Rf8 64. Ra2 Kg7 65.
Kg2 Re8 66. Rb2 Re6 67. Ra2 Kf6 68. Rb2 Ne5 69. Ra2 Kf5 70. Rb2 Nd3 71. Rb5+
Re5 72. Rb8 Kg4 73. Rb3 Ne1+ 74. Kf1 Kh3 75. f4 Re6 76. Rc3 Ng2 77. Kf2 Ne3 0-1

[Event "115th YMCA Masters"]
[Site "Warszawa"]
[Date "2013.03.15"]
[Round "10"]
[White "Nguyen, Piotr"]
[Black "Adamski, Andrzej"]
[Result "1-0"]
[WhiteElo "2378"]
[BlackElo "2256"]
[Annotator "Admin"]
[PlyCount "101"]
[EventDate "2013.01.11"]
[EventType "tourn"]
[EventRounds "1"]
[EventCountry "POL"]
[EventCategory "3"]
[SourceDate "2013.01.15"]

1. d4 Nf6 2. Bg5 c5 3. d5 Qb6 4. Nc3 Qxb2 5. Bd2 Qb6 6. e4 d6 7. Bb5+ Bd7 $11
8. a4 a5 9. Rb1 Bxb5 10. Rxb5 Qc7 11. Qb1 Ra7 12. Rb3 Qc8 13. Nb5 Ra8 14. Nc3
Ra7 15. f4 Nbd7 16. Nf3 e6 17. O-O Be7 18. Nb5 Ra6 19. dxe6 fxe6 20. c4 O-O 21.
Ng5 e5 22. Ne6 Rf7 23. Ng5 Rf8 24. Ne6 Rf7 25. Nbc7 Ra7 26. Nb5 Ra6 27. f5 Bf8
28. Qd3 Nb8 29. Bg5 Nc6 30. Bxf6 Rxf6 31. Nec7 Nb4 32. Qd2 Rb6 33. Nd5 Nxd5 34.
Qxd5+ Kh8 35. Qd2 Qd7 36. g4 Be7 37. g5 Rf7 38. g6 hxg6 39. Qd5 Bg5 40. Rg3 Qe7
41. fxg6 Rxf1+ 42. Kxf1 Qf6+ 43. Kg2 Qxg6 44. h4 Qh5 45. Rxg5 Qe2+ 46. Kg3 Qe1+
47. Kg4 Qe2+ 48. Kf5 Qf3+ 49. Ke6 Qh3+ 50. Ke7 Qxh4 51. Kf8 1-0

[Event "115th YMCA Masters"]
[Site "Warszawa"]
[Date "2013.03.15"]
[Round "10"]
[White "Leniart, Arkadiusz"]
[Black "Bartel, Michal"]
[Result "1-0"]
[WhiteElo "2470"]
[BlackElo "2273"]
[PlyCount "51"]
[EventDate "2013.01.11"]
[EventType "tourn"]
[EventRounds "1"]
[EventCountry "POL"]
[EventCategory "3"]
[SourceDate "2013.01.15"]

1. e4 e5 2. Nf3 Nc6 3. d4 exd4 4. Nxd4 g6 5. Bc4 Bg7 6. Nxc6 bxc6 7. O-O Ne7 8.
Nc3 d6 9. Be3 Be6 10. Bd4 Bxc4 11. Bxg7 Rg8 12. Re1 Rxg7 13. Qd4 Kf8 14. Qxc4
Rb8 15. b3 c5 16. Qa6 Qc8 17. Qd3 Nc6 18. Nd5 Nb4 19. Nxb4 Rxb4 20. c3 Rb6 21.
e5 Kg8 22. exd6 cxd6 23. Re7 Rb7 24. Qa6 Rb8 25. Rae1 h5 26. Qxa7 1-0

[Event "115th YMCA Masters"]
[Site "Warszawa"]
[Date "2013.03.18"]
[Round "10"]
[White "Warszawski, Bartosz"]
[Black "Skawinski, Arkadiusz"]
[Result "1-0"]
[WhiteElo "2261"]
[BlackElo "2239"]
[Annotator "Admin"]
[PlyCount "57"]
[EventDate "2013.01.11"]
[EventType "tourn"]
[EventRounds "1"]
[EventCountry "POL"]
[EventCategory "3"]
[SourceDate "2013.01.15"]

1. e4 e6 2. d4 d5 3. Nc3 Bb4 4. exd5 exd5 5. Bd3 Nc6 6. a3 Bxc3+ 7. bxc3 Qf6 8.
Rb1 Nge7 9. Qh5 b6 10. Bg5 $11 Qe6+ 11. Ne2 Qg4 12. Ng3 h6 13. Bxe7 Nxe7 14.
O-O Qxh5 15. Nxh5 O-O 16. Rfe1 Ng6 17. g3 c6 18. f3 Bd7 19. g4 Nh4 20. Kf2 f5
21. Kg3 fxg4 22. Kxh4 Rxf3 23. Ng3 Rf2 24. Re2 Raf8 25. Rbe1 c5 26. Rxf2 Rxf2
27. Re2 Rf3 28. Re7 c4 29. Be2 1-0

[Event "115th YMCA Masters"]
[Site "Warszawa"]
[Date "2013.03.22"]
[Round "11"]
[White "Skawinski, Arkadiusz"]
[Black "Przezdziecka, Marta"]
[Result "1/2-1/2"]
[WhiteElo "2239"]
[BlackElo "2298"]
[Annotator "Admin"]
[PlyCount "39"]
[EventDate "2013.01.11"]
[EventType "tourn"]
[EventRounds "1"]
[EventCountry "POL"]
[EventCategory "3"]
[SourceDate "2013.01.15"]

1. e4 g6 2. d4 Bg7 3. Nc3 c6 4. h3 d6 5. f4 Nf6 6. Nf3 $11 O-O 7. Bd3 b5 8. O-O
a6 9. Qe1 b4 10. Na4 Qa5 11. b3 c5 12. a3 cxd4 13. axb4 Qc7 14. Nxd4 Nd5 15.
Bb2 Nxf4 16. Rxf4 e5 17. Rf2 exd4 18. Rd1 Nc6 19. b5 axb5 20. Bxb5 $11 1/2-1/2

[Event "115th YMCA Masters"]
[Site "Warszawa"]
[Date "2013.03.22"]
[Round "11"]
[White "Adamski, Andrzej"]
[Black "Leniart, Arkadiusz"]
[Result "1/2-1/2"]
[WhiteElo "2256"]
[BlackElo "2470"]
[PlyCount "22"]
[EventDate "2013.01.11"]
[EventType "tourn"]
[EventRounds "1"]
[EventCountry "POL"]
[EventCategory "3"]
[SourceDate "2013.01.15"]

1. e4 e5 2. Nf3 Nc6 3. Bb5 a6 4. Bxc6 dxc6 5. O-O Bg4 6. h3 h5 7. d3 Qf6 8.
Nbd2 Bc5 9. Re1 Ne7 10. d4 Bxf3 11. Nxf3 exd4 1/2-1/2

[Event "115th YMCA Masters"]
[Site "Warszawa"]
[Date "2013.03.22"]
[Round "11"]
[White "Cajbel, Maciej"]
[Black "Nguyen, Piotr"]
[Result "0-1"]
[WhiteElo "2242"]
[BlackElo "2378"]
[PlyCount "92"]
[EventDate "2013.01.11"]
[EventType "tourn"]
[EventRounds "1"]
[EventCountry "POL"]
[EventCategory "3"]
[SourceDate "2013.01.15"]

1. c4 b6 2. Nf3 Bb7 3. e3 f5 4. b3 Nf6 5. Bb2 e6 6. Be2 Be7 7. O-O O-O 8. d4 d6
9. Nc3 Ne4 10. Nd2 Nxc3 11. Bxc3 Nd7 12. Bf3 Bxf3 13. Nxf3 Qe8 14. Qc2 Qh5 15.
e4 f4 16. e5 g5 17. exd6 Bxd6 18. h3 Rf6 19. c5 Be7 20. c6 Nf8 21. d5 Rh6 22.
Rfe1 g4 23. Re5 Qg6 24. Qxg6+ Nxg6 25. hxg4 Nxe5 26. Bxe5 exd5 27. Bxc7 Rf8 28.
Be5 Rxc6 29. Nd4 Rg6 30. Nf5 Bc5 31. Rc1 Kf7 32. b4 Bxb4 33. Rc7+ Ke6 34. Bg7
Rxf5 35. gxf5+ Kxf5 36. Rxa7 f3 37. g3 Bc5 38. Kf1 d4 39. Ke1 Re6+ 40. Kd2 Re2+
41. Kd3 Rxf2 42. Bxd4 Bxd4 43. Kxd4 Kg4 44. Rxh7 Rxa2 45. Rg7+ Kh3 46. g4 f2
0-1

[Event "115th YMCA Masters"]
[Site "Warszawa"]
[Date "2013.03.22"]
[Round "11"]
[White "Kosiorek, Marek"]
[Black "Rudnicki, Milosz"]
[Result "1-0"]
[WhiteElo "2366"]
[BlackElo "2229"]
[Annotator "Admin"]
[PlyCount "67"]
[EventDate "2013.01.11"]
[EventType "tourn"]
[EventRounds "1"]
[EventCountry "POL"]
[EventCategory "3"]
[SourceDate "2013.01.15"]

1. e4 c5 2. Nf3 d6 3. d3 g6 4. g3 Bg7 5. Bg2 Nc6 6. O-O e6 7. c3 Nge7 8. Be3
O-O 9. Na3 a6 10. Nc2 Qc7 11. Qd2 Re8 12. Bh6 Bh8 13. d4 cxd4 14. cxd4 d5 15.
e5 Bd7 16. Ne3 Qa5 17. Qxa5 Nxa5 18. Ng4 Rec8 $11 19. Rfc1 Nf5 20. Bd2 Nc4 21.
Bc3 Bc6 22. b3 h5 23. Nf6+ Bxf6 24. exf6 Ncd6 25. h3 Ne4 26. g4 hxg4 27. hxg4
Nxc3 28. Rxc3 Nd6 29. Ne5 g5 30. Rh3 Ne8 31. Rh6 Bb5 32. Bf3 Rc7 33. a4 Bc6 34.
Be2 1-0

[Event "115th YMCA Masters"]
[Site "Warszawa"]
[Date "2013.03.20"]
[Round "11"]
[White "Janczarski, Michal"]
[Black "Rudolf, Michal"]
[Result "0-1"]
[WhiteElo "2335"]
[BlackElo "2369"]
[Annotator "Admin"]
[PlyCount "81"]
[EventDate "2013.01.11"]
[EventType "tourn"]
[EventRounds "1"]
[EventCountry "POL"]
[EventCategory "3"]
[SourceDate "2013.01.15"]

1. d4 Nf6 2. c4 e6 3. Nf3 d5 4. Nc3 Bb4 5. cxd5 exd5 6. Qa4+ Nc6 7. Bg5 h6 8.
Bxf6 Qxf6 9. a3 Bxc3+ 10. bxc3 O-O 11. e3 Qg6 12. Ng1 Bd7 13. Qb3 Na5 14. Qb1
Bf5 15. Qb5 b6 16. Nf3 c6 17. Qb4 Rac8 18. Nh4 Qf6 19. Nxf5 Qxf5 20. Ba6 Rc7
$11 21. O-O c5 22. dxc5 Rxc5 23. Rfd1 Nc6 24. Qb3 Na5 25. Qb4 Nc6 26. Qb2 Qe5
27. Rd3 b5 28. Rad1 Rb8 29. Qb3 $11 Ne7 30. Qb4 Rc4 31. Qb3 Qd6 32. Bxb5 Rc5
33. c4 dxc4 34. Rxd6 cxb3 35. Rd8+ Rxd8 36. Rxd8+ Kh7 37. Rb8 Rc3 38. Bf1 $11
Nc6 39. Rb7 a5 40. Rd7 b2 41. Rd1 0-1